[Event "21. Torneo San Viator 2013"]
[Site "Madrid ESP"]
[Date "2013.10.13"]
[Round "4.21"]
[White "Padin Lazaro, Jose Manuel"]
[Black "Aguilera Lopez, Alejandro"]
[Result "1/2-1/2"]
[WhiteElo "1837"]
[BlackElo "1536"]
[PlyCount "51"]
[EventDate "2013.09.29"]
[EventType "swiss"]
[EventRounds "9"]
[EventCountry "ESP"]
[SourceTitle "Ajedrez en Madrid"]
[Source "lmi"]
[SourceDate "2013.09.29"]
[SourceVersion "1"]
[SourceVersionDate "2013.12.25"]
[SourceQuality "1"]

1. e4 c5 2. Nf3 Nc6 3. d4 cxd4 4. Nxd4 e6 5. Nc3 Bb4 6. Ndb5 Nf6 7. a3 Bxc3+ 8.
Nxc3 O-O 9. Bc4 b6 10. O-O Bb7 11. Re1 Qc7 12. Nb5 Qe5 13. Nd6 Rab8 14. f4 Qd4+
15. Be3 Qxb2 16. Nb5 Nxe4 17. Bd3 d5 18. Bxe4 dxe4 19. Rb1 Qf6 20. Nd6 Na5 21.
Rb4 Rfd8 22. Rd4 Bd5 23. Nb5 Nc6 24. Rd2 Bc4 25. Nd6 Bd5 26. Nb5 1/2-1/2

[Event "21. Torneo San Viator 2013"]
[Site "Madrid ESP"]
[Date "2013.10.13"]
[Round "4.22"]
[White "Del Noval Nemeshazi, Nesztor"]
[Black "Tevar Sanz, Gonzalo"]
[Result "0-1"]
[WhiteElo "1402"]
[BlackElo "1836"]
[PlyCount "90"]
[EventDate "2013.09.29"]
[EventType "swiss"]
[EventRounds "9"]
[EventCountry "ESP"]
[SourceTitle "Ajedrez en Madrid"]
[Source "lmi"]
[SourceDate "2013.09.29"]
[SourceVersion "1"]
[SourceVersionDate "2013.12.25"]
[SourceQuality "1"]

1. e4 e6 2. d4 d5 3. e5 c5 4. c3 Nc6 5. Nf3 Bd7 6. a3 c4 7. Nbd2 Na5 8. Be2 Ne7
9. O-O Nf5 10. Ne1 Be7 11. Nc2 Ba4 12. g4 Nh4 13. f4 Qd7 14. Nf3 Ng6 15. Be3
O-O-O 16. Qd2 Nb3 17. Qe1 Nxa1 18. Nxa1 Kb8 19. f5 exf5 20. gxf5 Qxf5 21. Ng5
Qd7 22. Nxf7 Nh4 23. Qg3 Nf5 24. Qf4 g6 25. Nxh8 Rxh8 26. Bg4 Rf8 27. e6+ Qc7
28. Qxc7+ Kxc7 29. Bf4+ Bd6 30. Bg5 Re8 31. Bxf5 gxf5 32. Rxf5 Rxe6 33. Bh4 Re2
34. Rf7+ Bd7 35. Rf2 Re1+ 36. Rf1 Bxh2+ 37. Kg2 Bh3+ 38. Kxh3 Rxf1 39. Nc2 Bf4
40. Ne1 Bd2 41. Kg2 Rxe1 42. Bxe1 Bxe1 43. Kf3 Bd2 44. Kg4 Bc1 45. Kf5 Kc6 0-1

[Event "21. Torneo San Viator 2013"]
[Site "Madrid ESP"]
[Date "2013.10.13"]
[Round "4.23"]
[White "Villanueva Ortega, Ruben"]
[Black "Jimenez Manzano, Emiliano"]
[Result "1-0"]
[WhiteElo "1782"]
[BlackElo "1493"]
[PlyCount "81"]
[EventDate "2013.09.29"]
[EventType "swiss"]
[EventRounds "9"]
[EventCountry "ESP"]
[SourceTitle "Ajedrez en Madrid"]
[Source "lmi"]
[SourceDate "2013.09.29"]
[SourceVersion "1"]
[SourceVersionDate "2013.12.25"]
[SourceQuality "1"]

1. e4 c6 2. d4 d5 3. exd5 Qxd5 4. c4 Qd8 5. Nc3 Nf6 6. Nf3 e6 7. Bg5 Be7 8. Be2
Nbd7 9. O-O Nb6 10. a3 Nfd7 11. Bf4 Nf8 12. c5 Nd5 13. Nxd5 exd5 14. Bd3 Ne6
15. Be3 h6 16. Ne5 Bf6 17. Qh5 Bxe5 18. Qxe5 Qc7 19. Qh5 g6 20. Qf3 f5 21. Rfe1
Qf7 22. Bf4 Bd7 23. Be5 Rg8 24. b4 O-O-O 25. Rab1 a6 26. a4 Rde8 27. b5 Nc7 28.
bxa6 bxa6 29. Rb6 Kd8 30. Reb1 Rxe5 31. dxe5 Qe7 32. Qe2 Qe6 33. Bxa6 Ke7 34.
Bd3 Ra8 35. Qd2 g5 36. Rb7 Ne8 37. a5 Kf8 38. a6 Bc8 39. R7b6 Nc7 40. Qe2 g4
41. Rb8 1-0

[Event "21. Torneo San Viator 2013"]
[Site "Madrid ESP"]
[Date "2013.10.13"]
[Round "4.24"]
[White "Lianes Garcia, Marcos"]
[Black "Nunez Miranda, Mario"]
[Result "1-0"]
[WhiteElo "1775"]
[BlackElo "1304"]
[PlyCount "87"]
[EventDate "2013.09.29"]
[EventType "swiss"]
[EventRounds "9"]
[EventCountry "ESP"]
[SourceTitle "Ajedrez en Madrid"]
[Source "lmi"]
[SourceDate "2013.09.29"]
[SourceVersion "1"]
[SourceVersionDate "2013.12.25"]
[SourceQuality "1"]

1. d4 d5 2. c4 c6 3. Nf3 Nf6 4. Nc3 Bf5 5. e3 e6 6. Qb3 Qb6 7. c5 Qxb3 8. axb3
Nbd7 9. b4 Be7 10. b5 Nb8 11. Na4 O-O 12. Nb6 axb6 13. Rxa8 bxc5 14. Bd2 cxb5
15. Bxb5 Ne4 16. dxc5 Bxc5 17. Nh4 Bg6 18. Nxg6 fxg6 19. f3 Nd6 20. Bd3 d4 21.
Ke2 dxe3 22. Bxe3 Bxe3 23. Kxe3 Nf5+ 24. Bxf5 Rxf5 25. Rxb8+ Kf7 26. Rxb7+ Kf6
27. Rc1 Re5+ 28. Kf2 Rd5 29. Rc2 Kg5 30. Rxg7 h5 31. Rb7 Kf4 32. g3+ Kg5 33.
Re2 h4 34. Rxe6 hxg3+ 35. hxg3 Rd2+ 36. Re2 Rd5 37. b4 Kf5 38. b5 g5 39. b6 g4
40. fxg4+ Kxg4 41. Kg2 Rd4 42. Rg7+ Kf5 43. b7 Kf6 44. b8=Q 1-0

[Event "21. Torneo San Viator 2013"]
[Site "Madrid ESP"]
[Date "2013.10.13"]
[Round "4.25"]
[White "Algaba Traspuesto, Jose Antoni"]
[Black "Garcia-Ruiz Fuentes, Angel M"]
[Result "0-1"]
[WhiteElo "1693"]
[BlackElo "2042"]
[PlyCount "82"]
[EventDate "2013.09.29"]
[EventType "swiss"]
[EventRounds "9"]
[EventCountry "ESP"]
[SourceTitle "Ajedrez en Madrid"]
[Source "lmi"]
[SourceDate "2013.09.29"]
[SourceVersion "1"]
[SourceVersionDate "2013.12.25"]
[SourceQuality "1"]

1. d4 Nf6 2. Bf4 g6 3. e3 Bg7 4. Nf3 O-O 5. Be2 d6 6. O-O c5 7. c3 Be6 8. Nbd2
Qb6 9. Qc2 Nc6 10. a3 Rac8 11. b4 cxd4 12. Nxd4 Nxd4 13. exd4 Qxd4 14. Be3 Qxc3
15. Qxc3 Rxc3 16. Bxa7 Ra8 17. Bd4 Rcxa3 18. Rac1 Nd5 19. Bxg7 Kxg7 20. Bf3
Nxb4 21. Bxb7 R8a7 22. Bf3 Nd3 23. Rb1 Ne5 24. Be2 Ra2 25. Rfd1 Bd7 26. Bc4
Rxd2 27. Rxd2 Nxc4 28. Re2 Be6 29. Rc1 Ne5 30. f3 Ra2 31. Re3 h5 32. Rec3 Kf6
33. h3 Nd7 34. g4 hxg4 35. fxg4 Bd5 36. Rg3 Ne5 37. Rf1+ Kg5 38. Rd1 Kh4 39.
Rc3 Bf3 40. Rd4 Kxh3 41. Rf4 Kg3 0-1

[Event "21. Torneo San Viator 2013"]
[Site "Madrid ESP"]
[Date "2013.10.13"]
[Round "4.26"]
[White "Luque Ibanez, Manuel"]
[Black "Loncomilla Sanhueza, Ernesto"]
[Result "1-0"]
[WhiteElo "2021"]
[BlackElo "1683"]
[PlyCount "89"]
[EventDate "2013.09.29"]
[EventType "swiss"]
[EventRounds "9"]
[EventCountry "ESP"]
[SourceTitle "Ajedrez en Madrid"]
[Source "lmi"]
[SourceDate "2013.09.29"]
[SourceVersion "1"]
[SourceVersionDate "2013.12.25"]
[SourceQuality "1"]

1. e4 e5 2. f4 d5 3. exd5 e4 4. Nc3 Nf6 5. Bc4 Bb4 6. Nge2 Bg4 7. O-O Nbd7 8.
h3 O-O 9. Qe1 Nb6 10. Bb3 Bd7 11. a4 c6 12. dxc6 Bxc6 13. Kh1 Re8 14. a5 Nc8
15. Ba4 Qd7 16. Bxc6 Qxc6 17. Ra4 Bxc3 18. Nxc3 Nd6 19. b3 Re6 20. Ba3 Rae8 21.
Bxd6 Rxd6 22. Rc4 Qd7 23. Nxe4 Nxe4 24. Rxe4 Rxe4 25. Qxe4 Rxd2 26. Re1 g6 27.
Qe8+ Qxe8 28. Rxe8+ Kg7 29. Re7 Rxc2 30. Rxb7 Rb2 31. Kh2 h5 32. Kg3 Kf6 33.
Kf3 Ke6 34. Ke4 f6 35. Rxa7 Rxb3 36. Ra6+ Kf7 37. Kd5 Rd3+ 38. Kc6 Ke6 39. Kb7+
Kf5 40. Rc6 Rg3 41. a6 Rxg2 42. a7 Ra2 43. Ra6 Rb2+ 44. Kc7 Rc2+ 45. Kd7 1-0

[Event "21. Torneo San Viator 2013"]
[Site "Madrid ESP"]
[Date "2013.10.13"]
[Round "4.27"]
[White "Lobato Rivero, Carlos"]
[Black "Martin Garcia, Francisco Javie"]
[Result "1-0"]
[WhiteElo "2007"]
[BlackElo "1676"]
[PlyCount "87"]
[EventDate "2013.09.29"]
[EventType "swiss"]
[EventRounds "9"]
[EventCountry "ESP"]
[SourceTitle "Ajedrez en Madrid"]
[Source "lmi"]
[SourceDate "2013.09.29"]
[SourceVersion "1"]
[SourceVersionDate "2013.12.25"]
[SourceQuality "1"]

1. e4 c5 2. c3 d5 3. exd5 Qxd5 4. d4 g6 5. Nf3 Bg4 6. Be2 Bg7 7. dxc5 Qxc5 8.
Be3 Qc7 9. O-O Nf6 10. Na3 a6 11. Qb3 b5 12. c4 Be6 13. Ng5 Nbd7 14. Nxe6 fxe6
15. cxb5 Nd5 16. bxa6 Nxe3 17. Qxe3 Bxb2 18. Nb5 Qe5 19. Qxe5 Bxe5 20. Rac1 Kf7
21. a7 Nb6 22. Rc5 Nd5 23. Bf3 Bd6 24. Rxd5 exd5 25. Bxd5+ Kf6 26. Bxa8 Rxa8
27. Rc1 Ke6 28. a4 Kd5 29. Nc7+ Bxc7 30. Rxc7 Kd6 31. Rb7 Ke6 32. g3 Kd6 33.
Kg2 h5 34. Kf3 g5 35. Ke4 Ke6 36. f4 g4 37. f5+ Kf6 38. Kd5 Rd8+ 39. Kc6 Rc8+
40. Rc7 Rd8 41. Kb7 Kxf5 42. Rxe7 Kg6 43. Rc7 Rd4 44. a8=Q 1-0

[Event "21. Torneo San Viator 2013"]
[Site "Madrid ESP"]
[Date "2013.10.13"]
[Round "4.29"]
[White "Pindado Campos, Raul"]
[Black "Alonso Vara, Laura"]
[Result "1-0"]
[WhiteElo "1903"]
[BlackElo "1573"]
[PlyCount "75"]
[EventDate "2013.09.29"]
[EventType "swiss"]
[EventRounds "9"]
[EventCountry "ESP"]
[SourceTitle "Ajedrez en Madrid"]
[Source "lmi"]
[SourceDate "2013.09.29"]
[SourceVersion "1"]
[SourceVersionDate "2013.12.25"]
[SourceQuality "1"]

1. d4 Nf6 2. c4 e6 3. Nc3 Bb4 4. e3 O-O 5. Bd2 d5 6. Nf3 c5 7. a3 Bxc3 8. Bxc3
cxd4 9. exd4 b6 10. c5 Ba6 11. Bxa6 Nxa6 12. b4 Ne4 13. Bb2 Rc8 14. O-O Nc7 15.
Nd2 Nxd2 16. Qxd2 Ne8 17. Rfc1 Nf6 18. f3 Qd7 19. a4 Rfd8 20. b5 Ne8 21. c6 Qe7
22. Ba3 Nd6 23. Qf4 Qc7 24. Bxd6 Rxd6 25. Re1 a5 26. Qg4 h6 27. Ra3 Qe7 28. Rb3
Qc7 29. f4 Kf8 30. Rg3 f5 31. Qg6 Qf7 32. h4 Qxg6 33. Rxg6 Kf7 34. h5 Rc7 35.
Re5 Kf8 36. Rgxe6 Rxe6 37. Rxe6 Rf7 38. Re5 1-0

[Event "21. Torneo San Viator 2013"]
[Site "Madrid ESP"]
[Date "2013.10.13"]
[Round "4.30"]
[White "Jimenez Elices, Jose Maria"]
[Black "Savchuk, Olga"]
[Result "1-0"]
[WhiteElo "1872"]
[BlackElo "1572"]
[PlyCount "58"]
[EventDate "2013.09.29"]
[EventType "swiss"]
[EventRounds "9"]
[EventCountry "ESP"]
[SourceTitle "Ajedrez en Madrid"]
[Source "lmi"]
[SourceDate "2013.09.29"]
[SourceVersion "1"]
[SourceVersionDate "2013.12.25"]
[SourceQuality "1"]

1. e4 c5 2. Nf3 Nc6 3. d4 cxd4 4. Nxd4 Nf6 5. Nc3 g6 6. Bc4 Bg7 7. Nxc6 bxc6 8.
e5 Nd5 9. Nxd5 O-O 10. Nc3 d5 11. exd6 exd6 12. O-O d5 13. Bb3 Bf5 14. Ne2 h5
15. Nd4 Bd7 16. c3 Qc7 17. Be3 Be5 18. h3 Qc8 19. f4 Bd6 20. f5 Re8 21. fxg6
fxg6 22. Qf3 Rf8 23. Bxd5+ Kg7 24. Bf7 Be5 25. Rae1 Bf5 26. Nxf5+ Qxf5 27. Qxf5
gxf5 28. Bxh5 a6 29. Bc5 Rf6 1-0

[Event "21. Torneo San Viator 2013"]
[Site "Madrid ESP"]
[Date "2013.10.13"]
[Round "4.31"]
[White "Cortijo Manso, Luis"]
[Black "Garcia Sanjuan, Jose"]
[Result "0-1"]
[WhiteElo "1535"]
[BlackElo "1857"]
[PlyCount "74"]
[EventDate "2013.09.29"]
[EventType "swiss"]
[EventRounds "9"]
[EventCountry "ESP"]
[SourceTitle "Ajedrez en Madrid"]
[Source "lmi"]
[SourceDate "2013.09.29"]
[SourceVersion "1"]
[SourceVersionDate "2013.12.25"]
[SourceQuality "1"]

1. d4 b6 2. c4 Bb7 3. Nf3 Nf6 4. g3 g6 5. Bg2 Bg7 6. O-O O-O 7. Nc3 d6 8. Qc2
Nc6 9. a3 Na5 10. b3 c5 11. e3 Qd7 12. d5 Bc8 13. Bb2 Qg4 14. Rfe1 Qh5 15. Ne2
Bf5 16. Qd1 Qh6 17. Nh4 Bg4 18. h3 g5 19. hxg4 gxh4 20. Nf4 hxg3 21. fxg3 Qg5
22. Rb1 Qxg4 23. Qxg4 Nxg4 24. Bxg7 Kxg7 25. b4 Nxc4 26. bxc5 bxc5 27. a4 Rab8
28. e4 Nce5 29. a5 Nc4 30. a6 Rb6 31. Bf1 Nge5 32. Be2 Rfb8 33. Rxb6 Rxb6 34.
Nd3 Nxd3 35. Bxd3 Ne5 36. Be2 Rb4 37. Bd1 Rb1 0-1

[Event "21. Torneo San Viator 2013"]
[Site "Madrid ESP"]
[Date "2013.10.13"]
[Round "4.32"]
[White "Hernandez Mateo, Borja"]
[Black "Guillo Longares, Cecilia"]
[Result "1-0"]
[WhiteElo "1805"]
[BlackElo "1376"]
[PlyCount "69"]
[EventDate "2013.09.29"]
[EventType "swiss"]
[EventRounds "9"]
[EventCountry "ESP"]
[SourceTitle "Ajedrez en Madrid"]
[Source "lmi"]
[SourceDate "2013.09.29"]
[SourceVersion "1"]
[SourceVersionDate "2013.12.25"]
[SourceQuality "1"]

1. e4 c5 2. c3 Nf6 3. e5 Nd5 4. d4 cxd4 5. cxd4 g6 6. Bc4 Nb6 7. Bb3 Bg7 8. Nf3
Nc6 9. Bf4 O-O 10. O-O d6 11. h3 Bf5 12. Nc3 Na5 13. Bc2 Bxc2 14. Qxc2 Rc8 15.
Qe2 Nc6 16. Rfd1 Qc7 17. Nb5 Qd7 18. exd6 exd6 19. Nxd6 Rcd8 20. Rac1 Nc8 21.
Nxc8 Qxc8 22. d5 Qf5 23. dxc6 Qxf4 24. cxb7 Rb8 25. Qb5 Bh6 26. Rc4 Qf6 27. Ne5
Qf5 28. Rc5 Qh5 29. Re1 Bd2 30. Nd7 Qxc5 31. Qxc5 Bxe1 32. Nxb8 Rxb8 33. Qc8+
Rxc8 34. bxc8=Q+ Kg7 35. Qc5 1-0

[Event "21. Torneo San Viator 2013"]
[Site "Madrid ESP"]
[Date "2013.10.13"]
[Round "4.33"]
[White "Herreros Lucas, Jose Luis"]
[Black "Navarro Gonzalez, Jaime"]
[Result "0-1"]
[WhiteElo "1501"]
[BlackElo "1795"]
[PlyCount "91"]
[EventDate "2013.09.29"]
[EventType "swiss"]
[EventRounds "9"]
[EventCountry "ESP"]
[SourceTitle "Ajedrez en Madrid"]
[Source "lmi"]
[SourceDate "2013.09.29"]
[SourceVersion "1"]
[SourceVersionDate "2013.12.25"]
[SourceQuality "1"]

1. Nf3 Nf6 2. d4 g6 3. c4 c5 4. d5 b5 5. b3 Bg7 6. Bb2 O-O 7. e3 b4 8. Bd3 d6
9. Nbd2 Nbd7 10. Ng5 h6 11. Ngf3 Nb6 12. Qc2 Bd7 13. h3 a5 14. Rb1 a4 15. g4
axb3 16. axb3 Ra2 17. g5 Nh7 18. gxh6 Bxb2 19. Rxb2 Rxb2 20. Qxb2 Nf6 21. Qc2
Kh7 22. h4 Kxh6 23. Rg1 Rg8 24. Ng5 Be8 25. Ndf3 Nbd7 26. Qd2 Qa8 27. e4 Kg7
28. Qb2 Qa3 29. Qxa3 bxa3 30. Ke2 Rh8 31. Ra1 Ng4 32. Rxa3 Nde5 33. Ra7 Bd7 34.
Nxe5 Nxe5 35. Nf3 Bg4 36. Rxe7 Nxf3 37. Ke3 Nd4 38. Rb7 Rxh4 39. Rb6 Rh3+ 40.
Kd2 Nf3+ 41. Kc2 Ne1+ 42. Kd2 Nxd3 43. Rxd6 Nxf2 44. Rc6 Rxb3 45. d6 Nxe4+ 46.
Kc1 0-1

[Event "21. Torneo San Viator 2013"]
[Site "Madrid ESP"]
[Date "2013.10.13"]
[Round "4.35"]
[White "Leniz Martinez, Francisco"]
[Black "Vicente Minarro, Pedro"]
[Result "1-0"]
[WhiteElo "1779"]
[BlackElo "1556"]
[PlyCount "107"]
[EventDate "2013.09.29"]
[EventType "swiss"]
[EventRounds "9"]
[EventCountry "ESP"]
[SourceTitle "Ajedrez en Madrid"]
[Source "lmi"]
[SourceDate "2013.09.29"]
[SourceVersion "1"]
[SourceVersionDate "2013.12.25"]
[SourceQuality "1"]

1. e4 c5 2. Nf3 d6 3. d4 cxd4 4. Nxd4 Nf6 5. Nc3 a6 6. Be2 e6 7. O-O Be7 8. Be3
O-O 9. Kh1 Bd7 10. f4 Nc6 11. Bf3 e5 12. Nf5 Bxf5 13. exf5 exf4 14. Bxf4 Qd7
15. Bg3 Rab8 16. Rb1 Ne5 17. Be2 Qc6 18. Qd4 Rfe8 19. Rbd1 Rbd8 20. Bf3 Nxf3
21. Rxf3 d5 22. Be5 Bc5 23. Qf4 Bd6 24. Bxd6 Qxd6 25. Qd4 Qe5 26. Rff1 h5 27.
Qxe5 Rxe5 28. Rd4 Ng4 29. Nd1 Re2 30. c4 Rde8 31. Rxd5 Re1 32. Kg1 Nxh2 33.
Rxe1 Rxe1+ 34. Kxh2 Kf8 35. Kg3 Re4 36. c5 Rc4 37. Nc3 g5 38. fxg6 fxg6 39. Rd7
Rxc5 40. Rxb7 Re5 41. Rb6 g5 42. Rxa6 Re3+ 43. Kf2 Re5 44. a4 h4 45. Rb6 g4 46.
Rb5 Rxb5 47. Nxb5 Kf7 48. a5 Ke6 49. a6 Kd7 50. a7 g3+ 51. Kf3 h3 52. gxh3 g2
53. Kxg2 Ke6 54. a8=Q 1-0

[Event "21. Torneo San Viator 2013"]
[Site "Madrid ESP"]
[Date "2013.10.13"]
[Round "4.36"]
[White "Garcia Chica, Eva Maria"]
[Black "Moreno Zamora, Gregorio"]
[Result "0-1"]
[WhiteElo "1644"]
[BlackElo "1704"]
[PlyCount "31"]
[EventDate "2013.09.29"]
[EventType "swiss"]
[EventRounds "9"]
[EventCountry "ESP"]
[SourceTitle "Ajedrez en Madrid"]
[Source "lmi"]
[SourceDate "2013.09.29"]
[SourceVersion "1"]
[SourceVersionDate "2013.12.25"]
[SourceQuality "1"]

1. d4 d5 2. Bf4 Nf6 3. e3 e6 4. Nf3 c5 5. c4 cxd4 6. Nxd4 Nc6 7. Nc3 a6 8. cxd5
Nxd5 9. Nxd5 Qxd5 10. Nxc6 Qxc6 11. a3 Be7 12. Bd3 Qxg2 13. Ke2 e5 14. Rg1 Bg4+
15. Kd2 Qxf2+ 16. Be2 0-1

[Event "21. Torneo San Viator 2013"]
[Site "Madrid ESP"]
[Date "2013.10.13"]
[Round "4.37"]
[White "Munoz Blazquez, Jose"]
[Black "Perez Sempere, Alberto"]
[Result "0-1"]
[WhiteElo "1426"]
[BlackElo "1875"]
[PlyCount "110"]
[EventDate "2013.09.29"]
[EventType "swiss"]
[EventRounds "9"]
[EventCountry "ESP"]
[SourceTitle "Ajedrez en Madrid"]
[Source "lmi"]
[SourceDate "2013.09.29"]
[SourceVersion "1"]
[SourceVersionDate "2013.12.25"]
[SourceQuality "1"]

1. e4 c5 2. Nf3 Nc6 3. Nc3 g6 4. d3 Bg7 5. Bd2 e6 6. Be2 Nge7 7. O-O h6 8. Rb1
O-O 9. Be3 Nd4 10. Qd2 Kh7 11. Nd1 Nxe2+ 12. Qxe2 b6 13. c3 Bb7 14. c4 Qc7 15.
Nc3 a6 16. d4 d5 17. cxd5 exd5 18. e5 Nf5 19. dxc5 bxc5 20. Bc1 Rfe8 21. Bf4
Qc6 22. Rfe1 Re6 23. Rbd1 d4 24. Ne4 Rae8 25. Qc4 Ne3 26. fxe3 Qxe4 27. exd4
Qxf4 28. Qe2 Bxf3 29. Qxf3 Qxf3 30. gxf3 cxd4 31. f4 f6 32. Rxd4 fxe5 33. fxe5
Rxe5 34. Rxe5 Rxe5 35. Ra4 a5 36. b3 Rg5+ 37. Kf2 Bc3 38. Rc4 Bb4 39. Rc7+ Kg8
40. h3 Rf5+ 41. Kg2 Rf7 42. Rc8+ Kg7 43. Rc6 Rd7 44. Rc2 Rd2+ 45. Rxd2 Bxd2 46.
Kf3 Kf6 47. Ke2 Bb4 48. Kf3 Kf5 49. Ke3 g5 50. Kf3 h5 51. Ke3 g4 52. hxg4+ hxg4
53. Kf2 Kf4 54. Kg2 g3 55. Kh1 Kf3 0-1

[Event "21. Torneo San Viator 2013"]
[Site "Madrid ESP"]
[Date "2013.10.13"]
[Round "4.38"]
[White "Linares Leyva, David"]
[Black "Fernandez Munoz, Jesus Norbert"]
[Result "1-0"]
[WhiteElo "1852"]
[BlackElo "1419"]
[PlyCount "78"]
[EventDate "2013.09.29"]
[EventType "swiss"]
[EventRounds "9"]
[EventCountry "ESP"]
[SourceTitle "Ajedrez en Madrid"]
[Source "lmi"]
[SourceDate "2013.09.29"]
[SourceVersion "1"]
[SourceVersionDate "2013.12.25"]
[SourceQuality "1"]

1. d4 Nf6 2. c4 d5 3. e3 e6 4. Nf3 c6 5. a3 Bd6 6. Nc3 O-O 7. Bd3 dxc4 8. Bxc4
b5 9. Bd3 Re8 10. O-O Qc7 11. b4 a5 12. bxa5 Rxa5 13. Bb2 Nbd7 14. Qb3 Ra8 15.
Rfc1 Qb6 16. Ne4 Nxe4 17. Bxe4 Bb7 18. Qc2 g6 19. Qc3 f6 20. Qc2 Kf7 21. Nd2
Rac8 22. Nb3 f5 23. Bd3 e5 24. Nc5 Bxc5 25. dxc5 Qd8 26. Qb3+ Re6 27. Bb1 Qe7
28. Ba2 Nf8 29. Qc3 Ke8 30. Bxe6 Qxe6 31. Qxe5 Qxe5 32. Bxe5 Nd7 33. Bd4 Kf7
34. Rcb1 Ba6 35. Rb2 Ke6 36. Rc1 Rb8 37. Rd2 h5 38. Ba1 Rc8 39. Rd6+ Kf7 1-0

[Event "21. Torneo San Viator 2013"]
[Site "Madrid ESP"]
[Date "2013.10.13"]
[Round "4.39"]
[White "Cano Mercado, Francisco Manuel"]
[Black "Jimenez Perez, Federico"]
[Result "1-0"]
[WhiteElo "1840"]
[BlackElo "1289"]
[PlyCount "99"]
[EventDate "2013.09.29"]
[EventType "swiss"]
[EventRounds "9"]
[EventCountry "ESP"]
[SourceTitle "Ajedrez en Madrid"]
[Source "lmi"]
[SourceDate "2013.09.29"]
[SourceVersion "1"]
[SourceVersionDate "2013.12.25"]
[SourceQuality "1"]

1. d4 d5 2. c4 e6 3. Nc3 Nf6 4. cxd5 exd5 5. Bg5 Be7 6. e3 O-O 7. Bd3 Nc6 8. a3
a6 9. Qc2 g6 10. Nge2 Ne4 11. Bxe7 Nxe7 12. Nxe4 dxe4 13. Bxe4 Bf5 14. Ng3 Bxe4
15. Qxe4 Re8 16. Qc2 c6 17. h4 Qd5 18. h5 Nf5 19. Nxf5 gxf5 20. O-O-O Rac8 21.
Qc5 Qe4 22. g4 Qd5 23. Rdg1 f4 24. Qxd5 cxd5+ 25. Kd2 fxe3+ 26. fxe3 Rc6 27. g5
Rec8 28. Rc1 Rxc1 29. Rxc1 Rxc1 30. Kxc1 f5 31. gxf6 Kf7 32. Kd2 Kxf6 33. e4
dxe4 34. Ke3 Ke6 35. Kxe4 b5 36. b4 Kd6 37. d5 h6 38. Kd4 Kc7 39. Kc5 Kc8 40.
Kc6 Kd8 41. Kd6 Kc8 42. Ke7 a5 43. d6 axb4 44. d7+ Kb7 45. axb4 Ka6 46. d8=Q
Kb7 47. Qd6 Ka7 48. Kd7 Kb7 49. Kd8 Ka7 50. Kc7 1-0

[Event "21. Torneo San Viator 2013"]
[Site "Madrid ESP"]
[Date "2013.10.13"]
[Round "4.41"]
[White "Martinez Montalvo, Eduardo"]
[Black "Olias Ruiz, Enrique"]
[Result "1-0"]
[WhiteElo "1823"]
[BlackElo "1173"]
[PlyCount "27"]
[EventDate "2013.09.29"]
[EventType "swiss"]
[EventRounds "9"]
[EventCountry "ESP"]
[SourceTitle "Ajedrez en Madrid"]
[Source "lmi"]
[SourceDate "2013.09.29"]
[SourceVersion "1"]
[SourceVersionDate "2013.12.25"]
[SourceQuality "1"]

1. e4 e5 2. d4 d6 3. dxe5 g6 4. exd6 Bxd6 5. Nf3 Nf6 6. e5 Bxe5 7. Qxd8+ Kxd8
8. Nxe5 Rf8 9. Bg5 Ke7 10. Nc3 c5 11. Bc4 Bf5 12. O-O-O b5 13. Rhe1 Rc8 14.
Nxg6# 1-0

[Event "21. Torneo San Viator 2013"]
[Site "Madrid ESP"]
[Date "2013.10.13"]
[Round "4.44"]
[White "Martin Rodriguez, Jose Luis"]
[Black "Castro Uceda, Jose Antonio"]
[Result "0-1"]
[WhiteElo "1412"]
[BlackElo "1625"]
[PlyCount "160"]
[EventDate "2013.09.29"]
[EventType "swiss"]
[EventRounds "9"]
[EventCountry "ESP"]
[SourceTitle "Ajedrez en Madrid"]
[Source "lmi"]
[SourceDate "2013.09.29"]
[SourceVersion "1"]
[SourceVersionDate "2013.12.25"]
[SourceQuality "1"]

1. e4 c5 2. Nf3 d6 3. d4 cxd4 4. Nxd4 Nf6 5. Nc3 a6 6. Bg5 e6 7. f4 Be7 8. Qf3
e5 9. fxe5 dxe5 10. Nf5 Bxf5 11. exf5 Nc6 12. Bxf6 Bxf6 13. Qe4 O-O 14. Nd5 Bg5
15. Bc4 Rc8 16. Bd3 Qa5+ 17. b4 Qd8 18. f6 g6 19. O-O Re8 20. h4 Bf4 21. h5 Re6
22. Nxf4 exf4 23. Qxf4 Qd4+ 24. Qxd4 Nxd4 25. hxg6 hxg6 26. Rf2 Nc6 27. a3 Ne5
28. Rf4 Rcc6 29. Be4 Rc7 30. Rd1 Nd7 31. Rd3 Nxf6 32. Rd8+ Kg7 33. Bd3 Re1+ 34.
Kf2 Ra1 35. Rc4 Rxc4 36. Bxc4 Rxa3 37. Rb8 b5 38. Bb3 Ra1 39. Ke2 Rg1 40. Kf2
Rd1 41. Ra8 Ra1 42. Ra7 Ng4+ 43. Kg3 Nh6 44. Rd7 Re1 45. Kf3 Rf1+ 46. Ke2 Ra1
47. Ra7 g5 48. c4 Rb1 49. cxb5 axb5 50. Ra3 Rb2+ 51. Kf3 Nf5 52. Bd1 Rxb4 53.
Rd3 Rb2 54. Rd5 Kf6 55. g4 Ne7 56. Rc5 b4 57. Rb5 Nc6 58. Rb6 Ke5 59. Rxc6 Rb1
60. Be2 b3 61. Ke3 b2 62. Rb6 Kd5 63. Kd2 Kd4 64. Kc2 Re1 65. Bd3 b1=Q+ 66.
Rxb1 Rxb1 67. Bf5 Rf1 68. Kd2 Rxf5 69. gxf5 Ke4 70. f6 Kf5 71. Ke3 Kxf6 72. Kf3
Kf5 73. Kg3 g4 74. Kg2 Kf4 75. Kf2 f5 76. Kg2 g3 77. Kg1 Ke3 78. Kg2 f4 79. Kh1
Ke2 80. Kg1 f3 0-1

[Event "21. Torneo San Viator 2013"]
[Site "Madrid ESP"]
[Date "2013.10.13"]
[Round "4.46"]
[White "Ochoa, Bryan Alejandro"]
[Black "Soto Martin, Miguel"]
[Result "0-1"]
[WhiteElo "1193"]
[BlackElo "1588"]
[PlyCount "60"]
[EventDate "2013.09.29"]
[EventType "swiss"]
[EventRounds "9"]
[EventCountry "ESP"]
[SourceTitle "Ajedrez en Madrid"]
[Source "lmi"]
[SourceDate "2013.09.29"]
[SourceVersion "1"]
[SourceVersionDate "2013.12.25"]
[SourceQuality "1"]

1. d4 Nf6 2. Nf3 g6 3. e3 Bg7 4. Bd3 O-O 5. O-O d6 6. c3 Nbd7 7. Nbd2 e5 8. Re1
Re8 9. e4 c6 10. Qc2 Qe7 11. b3 Nh5 12. g3 Nf8 13. Bb2 Nf6 14. c4 N8d7 15. a4
a5 16. Re2 h6 17. Rae1 Nh7 18. d5 c5 19. Kg2 h5 20. h3 Bh6 21. Bc3 Ng5 22. h4
Nxf3 23. Nxf3 Nf6 24. Ng5 Nh7 25. Nxh7 Kxh7 26. Rh1 Qf6 27. Qd1 Bg4 28. Qe1
Bf3+ 29. Kg1 Bxh1 30. Kxh1 Qf3+ 0-1